| 000 | 00351nam a2200133Ia 4500 | ||
|---|---|---|---|
| 008 | 191201s2005 xx 000 0 und d | ||
| 100 | _aPANDEY, Adesh K | ||
| 245 | 3 | _aAn Introduction to Automata Theory & Formal Language | |
| 250 | _a2nd | ||
| 260 |
_aN.Delhi _bS K Kataria and Sons _c2005 |
||
| 300 | _a360 | ||
| 650 | _aB.Tech(CSE) | ||
| 942 |
_2ddc _cBK |
||
| 999 |
_c2157 _d2157 |
||